00332pab a2200121 454500008004000000100001800040245006100058260000900119300001300128362001100141650002400152773003400176180718b2011 xxu||||| |||| 00| 0 eng d aZutschi, B.K. aRegulatory freedom under GATS: Financial services sector c2011 ap.68-82. a12 Nov aInternational trade aEconomic and Political Weekly